| 000 | 00547nam a2200205 a 4500 | ||
|---|---|---|---|
| 001 | sa 64008820 | ||
| 003 | DLC | ||
| 005 | 20260227112057.0 | ||
| 008 | 850401s1959 pk c 00010 urdo | ||
| 010 | _asa 64008820 //r85 | ||
| 050 | 0 |
_aPK2199.A8 _bT5 |
|
| 100 | 1 | 0 |
_aAslam, Muhammad, _d1885- |
| 245 | 1 | 0 |
_aTīr-i nigāh / _cEm. Aslam. |
| 250 | _a[1. aiḍīshan]. | ||
| 260 | 0 |
_aLāhaur : _bDar al-Balāg̲h̲, _c[1959] |
|
| 300 |
_a300 p. : _bport. ; _c19 cm. |
||
| 500 | _aNovel. | ||
| 500 | _aIn Urdu. | ||
| 500 | _aText partially vocalized. | ||
| 999 |
_c61061 _d61061 |
||